Energy and international security in the 1980s realities or mis - perceptions (Record no. 7547)

000 -LEADER
fixed length control field 00392pab a2200145 454500
008 - FIXED-LENGTH DATA ELEMENTS--GENERAL INFORMATION
fixed length control field 180718b1983 xxu||||| |||| 00| 0 eng d
100 ## - MAIN ENTRY--PERSONAL NAME
Personal name Wionczek, Resources
245 ## - TITLE STATEMENT
Title Energy and international security in the 1980s realities or mis - perceptions
260 ## - PUBLICATION, DISTRIBUTION, ETC.
Date of publication, distribution, etc. 1983
300 ## - PHYSICAL DESCRIPTION
Extent 839-47
362 ## - DATES OF PUBLICATION AND/OR SEQUENTIAL DESIGNATION
Dates of publication and/or sequential designation Oct.
650 ## - SUBJECT ADDED ENTRY--TOPICAL TERM
Topical term or geographic name entry element Energy Resources
773 ## - HOST ITEM ENTRY
Main entry heading Third World Quarterly
909 ## -
-- 7547
Holdings
Withdrawn status Lost status Damaged status Not for loan Permanent Location Current Location Date acquired Serial Enumeration / chronology Barcode Date last seen Price effective from Koha item type
        Indian Institute of Public Administration Indian Institute of Public Administration 2018-07-19 Volume no: 5, Issue no: 4 AR7557 2018-07-19 2018-07-19 Articles

Powered by Koha